| 000 | 00528nam a22002177a 4500 | ||
|---|---|---|---|
| 005 | 20171122095420.0 | ||
| 008 | 171122b xxu||||| |||| 00| 0 spa d | ||
| 041 | _aspa | ||
| 082 | _a1.4.23 R675m | ||
| 100 |
_aRochat, Michael _944589 |
||
| 245 | _aMarketing y gestión de la restauración | ||
| 260 | _aEspaña | ||
| 260 | _bGestión 2000 | ||
| 260 | _c2001 | ||
| 300 | _a347 | ||
| 650 |
_aRESTAURANTES _91700 |
||
| 650 |
_aMERCADEO _9270 |
||
| 650 |
_aRECURSOS HUMANOS _944590 |
||
| 650 |
_aVENTAS _9635 |
||
| 942 | _cBK | ||
| 999 |
_c9974 _d9974 |
||